000 00905cam a2200289 a 4500
001 000006340
005 20200929153923.0
008 900823s1994 sp 000 d spa d
020 _a8423918106
035 _a(DLC) 90188649
040 _aDO-SdBNP
_cDLC
_dDLC
_dBNPHU
082 _a862.6
_bB928h, 1994
100 1 _aBuero Vallejo, Antonio,
_d1916-2000
_917657
245 1 0 _aHistoria de una escalera ; las meninas /
_cAntonio Buero Vallejo ; introducción de Ricardo Doménech.
250 _a13a ed.
260 _aMadrid :
_bEspasa Calpe,
_c1994.
300 _a231 p. ;
_c18 cm.
490 1 _aAustral. Literatura
_v10
650 4 _aTeatro español
_93071
650 4 _aLiteratura española
_9632
700 1 _aDoménech, Ricardo,
_eintrod.
_917659
740 0 _aLas meninas
830 0 _aAustral. Literatura ;
_v10
_917660
910 _aCatalogación derivada / LC
910 _aWM
049 _aBNGR
999 _c6135
_d6135